00706nam a2200217 a 450000100060000000300090000600800410001502000150005604000280007108200200009910000310011924500230015026000450017330000110021859000490022965000160027865000100029494200120030499900170031695201550033318197CO-ViMGA141112s2004 ck r 000 u spa d a9501740072 aCO-ViMGAbspacCO-ViMGA04a133.32424 F375q1 aFernandez, Celia T.92590110a¿Que es el Tarot? aBuenos Aires (Argentina), cKier, c2002 a143.p. aForma de adquisición : Premio - Mincultura14aADIVINACION14aTAROT 2ddccBK c27558d27558 00102ddc40708003aMEVIECARbMEVIECARd2015-12-04hVolumen. 1 | 11/jun/2009l0o133.32424 F375q p18197r2015-12-04 00:00:00tEj. 1w2015-12-04yBK